000 00469nam a2200181Ia 4500
001 12794
005 20260306163007.0
008 260306t2015||||xx |||||||||||||| ||spa||
041 _aESP
082 _aRD 327
_bP43
100 _aPereira, Juan Carlos
_eAUT
245 0 _aDiccionario de relaciones internacionales y política exterior
260 _c2015
300 _axxxiii, 995 páginas :
_c24 cm.
650 _aGEN
654 _aCDE
942 _cDIC
_dJUS
_fJUS
_2ddc
_n
999 _c12794
_d12794